Riconosci il Pokémon - Quiz n°800 - Statistics

Statistiche generali
  • Questo quiz è stato fatto 1 volte
  • Il punteggio medio è 2 su 10
Statistiche sulle risposte
Indizio Riposta % Corretto
Tipo Acciaio / Spettro
100%
Generazione Nona
100%
Altezza 1,2 m
0%
Peso 30,0 kg
0%
Tasso di cattura 45 (11.9%)
0%
Abilità Corpo Aureo
0%
Pokémon Gholdengo
0%
Tasso di allevamento Lento
0%
Stadio evoluzione Prima evoluzione
0%
Sesso Sconosciuto
0%
Nessun quiz corrispondente trovato
Distribuzione punteggi
Percentuale di utenti per punteggio
Percentile per numero di risposta
I tuoi punteggi nel tempo
Non hai fatto questo quiz